000
00320nam a2200145Ia 4500
100
_a
Rao/P.N/ Tewari/ N.K.
942
_c
BK
366
_f
15
654
_a
manufacturing
245
_a
Computer Aided Manufacturing
260
_b
Tata Mc Graw hill
_c
1993
082
_a
670.427
_b
RAO
300
_a
417
546
_a
ENGLISH
999
_c
18785
_d
18785